Statistics for Cities by photos

Click here to take the quiz!

General Stats

  • This quiz has been taken 27 times
  • The average score is 8 of 16

Answer Stats

Answer% Correct
Paris
100%
London
92%
New York
84%
Dubai
68%
Jerusalem
68%
Hong Kong
52%
Rome
48%
Miami
44%
Oslo
44%
Tokyo
44%
Bogota
28%
Helsinki
28%
New Delhi
24%
Bern
16%
Oulu
12%
Izmir
8%

Score Distribution

Percentile by Number Answered

Percent of People with Each Score

Your Score History

You have not taken this quiz